Т. 141; Известия Томского политехнического института [Известия ТПИ]

Bibliografske podrobnosti
Parent link:Известия Томского политехнического института [Известия ТПИ]/ Томский политехнический институт (ТПИ). Т. 141.— , 1944-1976
Jezik:ruščina
Izdano: Изд-во Томского ун-та, 1966
Teme:
Format: Knjiga
KOHA link:https://koha.lib.tpu.ru/cgi-bin/koha/opac-detail.pl?biblionumber=206763

MARC

LEADER 00000nam2a2200000 4500
001 206763
005 20231031190832.0
035 |a (RuTPU)RU\TPU\book\225456 
035 |a RU\TPU\book\225359 
090 |a 206763 
100 |a 20120117d1966 k y0rusy50 ca 
101 0 |a rus 
102 |a RU 
105 |a a z 000zy 
200 0 |a Т. 141 
210 |c Изд-во Томского ун-та  |d 1966 
215 |a 176 с.  |c рис., граф., табл., схемы 
461 1 |0 (RuTPU)RU\TPU\book\200995  |t Известия Томского политехнического института [Известия ТПИ]  |f Томский политехнический институт (ТПИ)  |v Т. 141  |d 1944-1976 
601 0 2 |a Томский политехнический институт (ТПИ)  |c (1944-1991)  |2 stltpush  |3 (RuTPU)RU\TPU\col\1123 
610 1 |a научные исследования 
610 1 |a обучающие машины 
610 1 |a неисправности 
610 1 |a автоматический поиск 
610 1 |a самонастройка 
610 1 |a оптимальность 
610 1 |a радиоэлектронные устройства 
610 1 |a модули 
610 1 |a вихревые токи 
610 1 |a широтно-импульсные системы 
610 1 |a абсолютная устойчивость 
610 1 |a движущаяся проволока 
610 1 |a нагрев 
610 1 |a математическое моделирование 
610 1 |a широтно-импульсные преобразователи 
610 1 |a автоколебательные электромеханические системы 
610 1 |a самораскачивание 
610 1 |a силы трения 
610 1 |a ферродиодные схемы 
610 1 |a ферротранзисторные схемы 
610 1 |a импульсы 
610 1 |a генераторы 
610 1 |a приборные шарикоподшипники 
610 1 |a динамические моменты 
610 1 |a измерение 
610 1 |a пневматические молотки 
610 1 |a вибрация 
610 1 |a гашение 
610 1 |a изоляция 
610 1 |a электронное моделирование 
610 1 |a расчетные схемы 
610 1 |a бетатроны 
610 1 |a гамма-излучения 
610 1 |a высокочувствительные электронные реле 
610 1 |a кремниевые триоды 
610 1 |a труды учёных ТПУ 
675 |a 62  |v 3 
801 1 |a RU  |b 63413507  |c 20090209  |g PSBO 
801 2 |a RU  |b 63413507  |c 20130326  |g PSBO 
942 |c BK